Score 0/18 Timer 02:30
0 Plays Today
% Correct
WALL-E
82.4%
Through the Looking-Glass
73.5%
Star Wars
71.9%
I Love Lucy
61.4%
Pokémon
61.4%
Harry Potter
50.1%
The Walking Dead
48.7%
The Hunger Games
41%
Disney Animated Short Films
40%
% Correct
South Park
37.7%
A Song of Ice and Fire
37.2%
The Adventures of Jimmy Neutron: Boy Genius
33.5%
Horrid Henry
30.4%
Marvel Comics
26.5%
The Chronicles of Narnia
21.8%
Half-Life
19.4%
Re-Animator
17.3%
The Vampire Chronicles
15.2%
Remove Ads.
Support Sporcle.
Get the best of Sporcle when you Go Orange. This ad-free experience offers more features, more stats, and more fun while also helping to support Sporcle. Thank you for becoming a member.

You're not logged in!

Compare scores with friends on all Sporcle quizzes.
OR
Log In

Show Comments

Extras

Top Quizzes Today


Score Distribution

Your Account Isn't Verified!

In order to create a playlist on Sporcle, you need to verify the email address you used during registration. Go to your Sporcle Settings to finish the process.

Report this User

Report this user for behavior that violates our Community Guidelines.

Details: